Spoločné služby pre podnikateľov ako inovačný nástroj pre riešenie regionálnych disparít

Analýza pozície trhových služieb a v ich rámci obchodno-podnikateľských služieb. Regionálna výkonnosť a disparity v službách. Stratégia pre trhové služby. Podpora spoločných služieb pre podnikateľov. Podpora inovačných aktivít v podnikoch.

Saved in:
Bibliographic Details
Main Author: Michalová, Valéria
Other Authors: Holubcová, Ivana, 1982-
Format: Book Chapter
Language:Slovak
Subjects:
Tags: Add Tag
No Tags, Be the first to tag this record!

MARC

LEADER 00000nla$a2200000$$$4500
001 0066268
005 20240502083158.7
041 0 |a slo 
044 |a CZ 
245 1 0 |a Spoločné služby pre podnikateľov ako inovačný nástroj pre riešenie regionálnych disparít  |c Valéria Michalová, Ivana Holubcová 
520 |a Analýza pozície trhových služieb a v ich rámci obchodno-podnikateľských služieb. Regionálna výkonnosť a disparity v službách. Stratégia pre trhové služby. Podpora spoločných služieb pre podnikateľov. Podpora inovačných aktivít v podnikoch. 
610 2 0 |a služby trhové 
610 2 0 |a služby obchodné 
610 2 0 |a služby podnikateľské 
610 2 0 |a disparita 
610 2 0 |a regióny 
610 2 0 |a inovácia 
610 2 0 |a podnik 
610 2 0 |a podnikatelia 
610 2 0 |a Slovensko 
100 1 |a Michalová, Valéria 
700 1 |a Holubcová, Ivana, 1982-